|
|
|
|
| LEADER |
00000nam0a2200000 4500 |
| 001 |
312094 |
| 005 |
20231102002442.0 |
| 020 |
|
|
|a RU
|b 82-31407
|
| 035 |
|
|
|a (RuTPU)RU\TPU\book\337461
|
| 090 |
|
|
|a 312094
|
| 100 |
|
|
|a 20151217d1982 m y0rusy5003 ca
|
| 101 |
0 |
|
|a rus
|
| 102 |
|
|
|a RU
|
| 105 |
|
|
|a a j 001zy
|
| 200 |
1 |
|
|a Производство конструкций из дерева и пластмасс
|e учебное пособие для вузов
|f В. М. Хрулев
|
| 210 |
|
|
|a Москва
|c Высшая школа
|d 1982
|
| 215 |
|
|
|a 231 с.
|c ил.
|d 22 см.
|
| 225 |
1 |
|
|a Высшее образование
|
| 320 |
|
|
|a Библиогр.: с. 229
|
| 606 |
1 |
|
|a Деревянные конструкции
|x Производство
|2 stltpush
|3 (RuTPU)RU\TPU\subj\9122
|9 36404
|
| 606 |
1 |
|
|a Строительные конструкции пластмассовые
|x Производство
|2 stltpush
|3 (RuTPU)RU\TPU\subj\57421
|9 75283
|
| 610 |
1 |
|
|a изготовление
|
| 610 |
1 |
|
|a строительные изделия
|
| 610 |
1 |
|
|a пластмассы
|
| 610 |
1 |
|
|a деревянные изделия
|
| 610 |
1 |
|
|a обработка
|
| 610 |
1 |
|
|a сборка
|
| 610 |
1 |
|
|a оборудование
|
| 610 |
1 |
|
|a долговечность
|
| 610 |
1 |
|
|a безопасность
|
| 610 |
1 |
|
|a учебные пособия
|
| 675 |
|
|
|a 674.21(075.8)
|z rus
|v 4
|
| 675 |
|
|
|a 678.5.02(075.8)
|z rus
|v 4
|
| 700 |
|
1 |
|a Хрулев
|b В. М.
|g Валентин Михайлович
|4 070
|
| 801 |
|
0 |
|a RU
|b RuMRKP
|c 19950704
|g psbo
|
| 801 |
|
1 |
|a RU
|b 63413507
|c 20151217
|
| 801 |
|
2 |
|a RU
|b 63413507
|c 20181002
|g RCR
|
| 942 |
|
|
|c BK
|